000
00289nam a2200097Ia 4500
082
_a
LP EF MACC
245
0
_a
Tea time for the traditionally built
100
_a
McCALL SMITH, Alexander Bath, 2009 Large print ed
_9
78144
942
_c
BK
008
210817s9999 xx 000 0 und d
999
_c
395821
_d
395820